000 00463nam a2200181 a 4500
001 1832
003 CO-ViMGA
008 141112s2004 ck r 000 u spa d
040 _aCO-ViMGA
_bspa
_cCO-ViMGA
082 0 4 _a131.3 G483
100 1 _aGivens, Charles J
_950366
245 1 0 _aEl poder de uno mismo
260 _aBuenos Aires :
_bJavier Vergara,
_c1994
300 _a267 p
650 1 4 _aDIANética
650 1 4 _aSUPERACION PESONAL
_950368
942 _2ddc
_cBK
999 _c13987
_d13987